[Event "Azerbaijan Championship 2021"]
[Site "Nakhchivan"]
[Date "2021.05.05"]
[Round "2.3"]
[White "Durarbayli, Vasif"]
[Black "Abbasov, Farid"]
[Result "1-0"]
[WhiteElo "2606"]
[BlackElo "2528"]
[Annotator "TA"]
[PlyCount "59"]
[EventDate "2021.05.04"]
[EventType "tourn"]
[EventCountry "AZE"]
[SourceTitle "playchess.com"]
[Source "ChessBase"]
[SourceQuality "1"]

{[%evp 9,59,16,33,19,40,27,43,53,57,57,60,61,58,47,74,64,73,32,39,30,92,75,100,65,62,62,60,47,64,58,58,58,80,60,83,67,65,56,68,89,317,313,353,363,374,350,1086,1275,1154,1129,766,734]} 1. e4 c6 2. d4 d5 3. e5 Bf5 4. Nf3 e6 5. Be2 Nd7 6. a4 {[%cal Ba2a4,Ba4a5][%mdl 32] B12: Caro-Kann: Advance Variation.} h6 7. O-O Ne7 8. a5 {White is slightly better.} a6 {8...Qc7 is the modern continuation.} 9. b4 g5 10. Ne1 Bg7 11. f4 gxf4 12. Bxf4 {[#]} Ng6 $146 ({Predecessor:} 12... O-O 13. Qd2 f6 14. Bxh6 fxe5 15. Bxg7 Kxg7 16. Nf3 Ng6 17. Nc3 Qe7 18. dxe5 Ngxe5 19. Nxe5 Nxe5 {½-½ (43) Chukanov,I (2456)-Gerbich,V (2388) ICCF email 2017}) 13. Bd3 Nxf4 14. Rxf4 Bxd3 (14... Qg5 $11 15. g3 Qe7) 15. Nxd3 $16 h5 16. Nd2 Qe7 17. Qe2 {Threatens to win with Raf1.} O-O-O 18. Raf1 Rdf8 19. c3 Bh6 20. R4f3 Rh7 21. Nb3 Rg8 22. Nbc5 Nxc5 23. Nxc5 h4 24. R1f2 {[%cal Bf1f2,Bf2f7,Bf7c7][%mdl 32]} Rhg7 $2 {[#] A mistake that costs the game.} (24... Bg5 $16) 25. Qf1 $1 $18 Qg5 26. Rxf7 Rxf7 27. Rxf7 {Black must now prevent Rc7+!} Qd2 $2 {[#]} (27... Qe3+ 28. Kh1 Qc1 29. Qxc1 Bxc1 30. Nxe6 Bd2) 28. Rc7+ $3 {[%mdl 512] White is clearly winning.} Kb8 29. Rxb7+ Kc8 30. Rf7 {Weighted Error Value: White=0.07/Black=0.32} 1-0

[Event "Azerbaijan Championship 2021"]
[Site "Nakhchivan"]
[Date "2021.05.05"]
[Round "2.4"]
[White "Suleymanli, Aydin"]
[Black "Gadimbayli, Abdulla"]
[Result "1-0"]
[WhiteElo "2520"]
[BlackElo "2470"]
[Annotator "ChessBase"]
[PlyCount "137"]
[EventDate "2021.05.04"]
[EventType "tourn"]
[EventCountry "AZE"]
[SourceTitle "playchess.com"]
[Source "ChessBase"]
[SourceQuality "1"]
[TimeControl "40/5400+30:1800+30"]

1. d4 {[%emt 0:00:00]} d5 {[%emt 0:00:16]} 2. c4 {[%emt 0:00:00]} c6 {[%emt 0:00:34]} 3. Nf3 {[%emt 0:00:00]} Nf6 {[%emt 0:00:04]} 4. e3 {[%emt 0:00:00]} g6 {[%emt 0:05:35]} 5. Nc3 {[%emt 0:00:55]} Bg7 {[%emt 0:00:38]} 6. b4 {[%emt 0:05:52]} O-O {[%emt 0:04:07]} 7. Bb2 {[%emt 0:00:15]} Bg4 {[%emt 0:19:07]} 8. Qb3 {[%emt 0:02:06]} dxc4 {[%emt 0:17:44]} 9. Bxc4 {[%emt 0:01:13]} b5 {[%emt 0:00:54]} 10. Be2 {[%emt 0:02:26]} a5 {[%emt 0:02:06]} 11. bxa5 {[%emt 0:00:34]} Qxa5 {[%emt 0:01:46]} 12. a3 {[%emt 0:03:11]} Nbd7 {[%emt 0:09:53]} 13. O-O {[%emt 0:00:54]} e6 {[%emt 0:06:18]} 14. Rfc1 {[%emt 0:01:54]} Rfc8 {[%emt 0:01:40]} 15. h3 {[%emt 0:16:09]} Bxf3 {[%emt 0:02:04]} 16. Bxf3 {[%emt 0:00:01]} Nd5 {[%emt 0:04:53]} 17. Ne4 {[%emt 0:02:05]} Bf8 {[%emt 0:04:10]} 18. Nc5 {[%emt 0:04:41]} Nxc5 {[%emt 0:04:42]} 19. dxc5 {[%emt 0:00:04]} Bg7 {[%emt 0:05:05]} 20. e4 {[%emt 0:09:46]} Bxb2 {[%emt 0:02:27]} 21. Qxb2 {[%emt 0:00:56]} Nc7 {[%emt 0:00:17]} 22. h4 {[%emt 0:01:31]} Na6 {[%emt 0:01:03]} 23. h5 {[%emt 0:02:45]} Qd8 {[%emt 0:00:37]} 24. Qc3 {[%emt 0:17:29]} Qg5 {[%emt 0:02:44]} 25. e5 {[%emt 0:01:25]} Nc7 {[%emt 0:02:55]} 26. Bxc6 {[%emt 0:00:45]} Ra4 {[%emt 0:00:01]} 27. hxg6 {[%emt 0:02:57]} hxg6 {[%emt 0:00:13]} 28. Bb7 {[%emt 0:07:33]} Rb8 {[%emt 0:00:49]} 29. Bf3 {[%emt 0:00:08]} Kg7 {[%emt 0:00:56]} 30. Rab1 {[%emt 0:04:10]} Rf4 {[%emt 0:00:27]} 31. g3 {[%emt 0:02:22]} Rc4 {[%emt 0:00:45]} 32. Qe1 {[%emt 0:00:28]} Ra4 {[%emt 0:00:30]} 33. Rc3 {[%emt 0:01:11]} Rd8 {[%emt 0:00:28]} 34. Rb4 {[%emt 0:01:24]} Rd4 {[%emt 0:00:09]} 35. Rxa4 {[%emt 0:00:48]} Rxa4 {[%emt 0:00:43]} 36. c6 {[%emt 0:00:01]} Qd8 {[%emt 0:00:44]} 37. Qe3 {[%emt 0:01:06]} Rd4 {[%emt 0:00:26]} 38. Kg2 {[%emt 0:00:43]} Rd2 {[%emt 0:00:33]} 39. Be4 {[%emt 0:01:15]} Qd4 {[%emt 0:00:34]} 40. Qxd4 {[%emt 0:00:00]} Rxd4 {[%emt 0:00:00]} 41. Kf3 {[%emt 0:03:04]} Ra4 {[%emt 0:08:38]} 42. Bc2 {[%emt 0:04:17]} Ra8 {[%emt 0:01:21]} 43. Be4 {[%emt 0:04:51]} Ra4 {[%emt 0:03:00]} 44. Ke3 {[%emt 0:00:29]} Kf8 {[%emt 0:02:47]} 45. Rd3 {[%emt 0:11:05]} Na6 {[%emt 0:06:58]} 46. Rd8+ {[%emt 0:01:34]} Ke7 {[%emt 0:00:55]} 47. Rd7+ {[%emt 0:07:13]} Ke8 {[%emt 0:00:53]} 48. Rb7 {[%emt 0:04:24]} Rxa3+ {[%emt 0:03:37]} 49. Kf4 {[%emt 0:00:08]} b4 {[%emt 0:04:05]} 50. Kg5 {[%emt 0:00:41]} b3 {[%emt 0:01:15]} 51. Rb8+ {[%emt 0:03:32]} Ke7 {[%emt 0:00:09]} 52. f3 {[%emt 0:00:24]} Ra5 {[%emt 0:01:11]} 53. Rb7+ {[%emt 0:00:20]} Kd8 {[%emt 0:00:35]} 54. Rxb3 {[%emt 0:00:48]} Nc5 {[%emt 0:02:01]} 55. Rb4 {[%emt 0:02:25]} Ra3 {[%emt 0:00:29]} 56. g4 {[%emt 0:00:39]} Nxe4+ {[%emt 0:00:35]} 57. fxe4 {[%emt 0:00:03]} Rf3 {[%emt 0:00:29]} 58. Rb7 {[%emt 0:00:07]} Kc8 {[%emt 0:00:16]} 59. Rd7 {[%emt 0:00:46]} Rf1 {[%emt 0:00:06]} 60. Kh6 {[%emt 0:00:31]} Rf4 {[%emt 0:00:55]} 61. g5 {[%emt 0:00:16]} Rh4+ {[%emt 0:00:39]} 62. Kg7 {[%emt 0:00:05]} Rg4 {[%emt 0:00:02]} 63. Kxf7 {[%emt 0:01:17]} Rxg5 {[%emt 0:00:02]} 64. Kxe6 {[%emt 0:00:04]} Rg1 {[%emt 0:00:27]} 65. Kf7 {[%emt 0:00:50]} Rf1+ {[%emt 0:00:25]} 66. Ke8 {[%emt 0:00:25]} Rf4 {[%emt 0:00:48]} 67. e6 {[%emt 0:00:52]} g5 {[%emt 0:00:31]} 68. Rg7 {[%emt 0:01:14]} g4 {[%emt 0:00:53]} 69. e5 {[%emt 0:00:01]} 1-0

[Event "Azerbaijan Championship 2021"]
[Site "Nakhchivan"]
[Date "2021.05.05"]
[Round "2.5"]
[White "Mamedov, Nidjat"]
[Black "Sevdimaliyev, Urfan"]
[Result "1-0"]
[WhiteElo "2609"]
[BlackElo "2369"]
[Annotator "TA"]
[PlyCount "87"]
[EventDate "2021.05.04"]
[EventType "tourn"]
[EventCountry "AZE"]
[SourceTitle "playchess.com"]
[Source "ChessBase"]
[SourceQuality "1"]

{[%evp 21,87,48,39,31,33,33,29,28,33,33,24,24,31,24,37,25,39,26,46,62,74,36,27,10,26,16,11,18,20,-8,4,4,38,42,129,129,129,129,178,121,142,157,261,268,265,256,253,258,275,273,273,269,235,257,412,408,448,405,689,579,1228,989,1422,1217,1185,1066,2072,1144]} 1. e4 c5 2. Nf3 g6 3. d4 cxd4 4. Nxd4 Nc6 5. c4 Nf6 6. Nc3 Nxd4 7. Qxd4 d6 8. Be3 Bg7 9. f3 O-O 10. Qd2 Be6 11. Rc1 Qa5 12. Bd3 {B36: Sicilian: Maroczy Bind: Gurgenidze System.} Rfc8 13. b3 a6 14. Ne2 {White has an edge.} Qxd2+ 15. Kxd2 Nd7 16. Nf4 Nc5 17. Be2 a5 18. Rb1 Na6 19. h4 Nb4 20. a3 Na6 {[#]} 21. Rhc1 $146 ({Predecessor:} 21. Nxe6 fxe6 22. h5 Nc5 23. hxg6 hxg6 24. Bd3 a4 25. b4 Nb3+ 26. Ke2 Kf7 27. Rh4 {½-½ (55) Paszewski,M (2329)-Balinski,D (2176) Suwalki 2019}) 21... Nc5 22. b4 axb4 23. axb4 Nd7 24. Nxe6 fxe6 25. f4 (25. c5 {is interesting.} d5 26. Rb3 dxe4 27. Ke1 Ra2 28. b5) 25... Ra2+ 26. Rc2 Rxc2+ (26... Ra3 {feels hotter.} 27. Bg4 Kf7 28. Ke2 h5 29. Bf3 e5) 27. Kxc2 e5 (27... h5 $14) 28. Bg4 $16 Rxc4+ 29. Kd3 Rc7 30. Be6+ {[%mdl 1024] White has strong compensation.} Kh8 31. Ra1 {Hoping for Ra8+.} Bf8 (31... Bh6 $16 {was necessary.}) 32. Ra8 $18 {aiming for Rd8.} Kg7 33. Rd8 Nf6 34. g4 h5 35. g5 Ng4 36. f5 Nxe3 37. Kxe3 {[%mdl 4096] Endgame KRB-KRB} Rc3+ $2 {[#]} (37... d5 38. Rxd5 (38. Bxd5 Rc3+ 39. Kd2 Rf3 $18) 38... Rc3+ 39. Rd3 Rxd3+ 40. Kxd3 b5) 38. Kd2 Rf3 39. Rd7 Kh8 (39... gxf5 $142 40. exf5 Rf4 41. Rxb7 Rxh4) 40. Rxb7 {White is clearly winning.} Rf4 41. b5 {[%cal Bb4b5,Bb5b6][%mdl 32]} Rxe4 42. Rb8 Kg7 43. b6 Rb4 44. Kc3 {Weighted Error Value: White=0.07/Black=0.33} 1-0

[Event "Azerbaijan Championship 2021"]
[Site "Nakhchivan"]
[Date "2021.05.05"]
[Round "2.6"]
[White "Abasov, Nijat"]
[Black "Asadli, Vugar"]
[Result "1/2-1/2"]
[WhiteElo "2665"]
[BlackElo "2572"]
[Annotator "TA"]
[PlyCount "83"]
[EventDate "2021.05.04"]
[EventType "tourn"]
[EventCountry "AZE"]
[SourceTitle "playchess.com"]
[Source "ChessBase"]
[SourceQuality "1"]

{[%evp 9,83,-3,44,30,20,31,26,25,39,14,18,24,60,31,29,18,82,6,10,8,10,10,18,11,39,25,29,-2,17,10,33,47,45,37,29,31,32,41,52,0,0,0,0,0,11,10,16,0,0,0,0,0,0,0,0,0,0,0,16,0,0,0,0,0,0,0,0,0,0,0,0,0,0,0,0,0]} 1. e4 c6 2. d4 d5 3. f3 dxe4 4. fxe4 e5 5. Nf3 Bg4 6. c3 {B12: Caro-Kann: Advance Variation.} Nd7 7. Bd3 {7.Bc4 is more fashionable.} Bd6 8. O-O {White has an edge.} Ngf6 9. Na3 b5 10. Nc2 {[#]} Qc7 $146 ({Predecessor:} 10... Bh5 11. Ne3 O-O 12. Nf5 Qc7 13. Qc2 Bg6 14. Nxd6 Qxd6 15. Bg5 c5 16. dxe5 Nxe5 17. Nxe5 Qxe5 18. Bxf6 gxf6 19. Bxb5 Bxe4 {½-½ (60) Caruana,F (2828)-Firouzja,A (2728) Stavanger 2020}) 11. Qe1 O-O 12. Qh4 Rad8 (12... Bh5 $11) 13. Ne3 (13. Bg5 $16) 13... Bh5 $1 $11 14. Nf5 Bg6 15. Nxd6 Qxd6 16. Bg5 Rfe8 17. Rae1 h6 18. Bc1 (18. Bxf6 $5 Qxf6 19. Qxf6 gxf6 20. Bc2 $14) 18... Qe7 19. Bb1 c5 (19... a6 {seems wilder.} 20. b4 Ra8 21. Qg3 exd4 22. Nh4 d3) 20. dxe5 Nxe5 21. Nxe5 Qxe5 22. Bxh6 gxh6 23. Qxf6 b4 24. Qf3 ({White should try} 24. Bc2 $14) 24... Rd2 {The position is equal.} 25. cxb4 cxb4 26. b3 Qd4+ 27. Kh1 {aiming for e5!} Qe5 28. Rc1 Kg7 29. Rc6 Red8 30. h3 R8d6 31. Rc7 {[%cal Rc7f7]} Rd7 32. Rxd7 Rxd7 33. Qe3 Qg5 (33... a5 {is interesting.} 34. Qe1 Rd4 35. Qf2 Rd7 36. Kg1 Rd4) 34. Qe1 Rd2 {[%csl Gd2][%cal Rg5g2] [#]} 35. Rf2 Rxf2 36. Qxf2 Qc1+ 37. Qg1 Qxg1+ 38. Kxg1 Kf6 {With the idea ...Ke5.} 39. Kf2 Ke5 40. Ke3 f6 41. Bd3 a5 42. g3 {Weighted Error Value: White=0.10/Black=0.10} 1/2-1/2

[Event "Azerbaijan Championship 2021"]
[Site "Nakhchivan"]
[Date "2021.05.06"]
[Round "3.1"]
[White "Abbasov, Farid"]
[Black "Safarli, Eltaj"]
[Result "1/2-1/2"]
[WhiteElo "2528"]
[BlackElo "2598"]
[Annotator "TA"]
[PlyCount "85"]
[EventDate "2021.05.04"]
[EventType "tourn"]
[EventCountry "AZE"]
[SourceTitle "playchess.com"]
[Source "ChessBase"]
[SourceQuality "1"]

{[%evp 10,85,4,0,19,15,38,23,16,13,21,0,0,12,33,19,26,27,25,26,27,20,24,0,0,0,3,0,0,0,0,0,0,0,0,0,0,-6,-9,-10,0,14,51,52,52,27,47,22,27,16,29,24,24,24,28,24,24,22,16,16,22,20,20,16,12,12,12,12,12,12,12,7,7,7,12,0,0,0]} 1. d4 Nf6 2. Nf3 g6 3. Bf4 Bg7 4. c3 O-O 5. Nbd2 d6 6. h3 c5 {A48: 1 d4 Nf6 2 Nf3 g6: Torre, London and Colle Systems.} 7. dxc5 dxc5 8. e4 Nc6 {White has an edge.} 9. Qc2 b6 10. Be2 Nh5 11. Bh2 Bb7 12. O-O Bh6 {[#]} 13. Rfe1 $146 ({Predecessor:} 13. Rfd1 Nf4 14. Bf1 Qc8 15. Nc4 Ne6 16. a4 Bf4 17. Bxf4 Nxf4 18. Qd2 Ne6 19. Qh6 {1-0 (38) Grachev,B (2612)-Matveev,V (2368) Chess.com INT 2020}) 13... Bf4 14. Bxf4 Nxf4 15. Bf1 Qc7 16. e5 Nd8 17. g3 Nh5 18. Bc4 Ne6 19. Ne4 Rad8 20. a4 Qc8 21. Kh2 Bc6 22. Nfg5 Nhg7 23. Rad1 (23. Nf3 {seems wilder.} Bd5 24. Qe2 Bxc4 25. Qxc4 Rd7 26. Rad1) 23... Rxd1 24. Rxd1 Nxg5 25. Nxg5 h6 26. Nxf7 {[%mdl 64] [#] Decoy} Rxf7 27. Qxg6 {[%mdl 64] Pin} e6 28. f4 {And now Rd6 would win.} Be8 $1 (28... Bxa4 29. Rd6 $18) 29. Rd6 {[%cal Rc4e6]} Rxf4 30. Bxe6+ Qxe6 31. Qxe6+ Nxe6 32. gxf4 Nxf4 33. Kg3 Ng6 {The position is equal.} 34. a5 bxa5 35. Ra6 Kf7 36. Rxa7+ Ke6 37. Ra6+ Kd5 38. Rxa5 Nxe5 39. b4 Nd3 40. Ra8 Bd7 41. Rd8 Ke6 42. bxc5 Nxc5 43. Rh8 {Weighted Error Value: White=0.04/Black=0.03} 1/2-1/2

[Event "Azerbaijan Championship 2021"]
[Site "Nakhchivan"]
[Date "2021.05.06"]
[Round "3.2"]
[White "Iskandarov, Misratdin"]
[Black "Durarbayli, Vasif"]
[Result "1/2-1/2"]
[WhiteElo "2535"]
[BlackElo "2606"]
[Annotator "TA"]
[PlyCount "109"]
[EventDate "2021.05.04"]
[EventType "tourn"]
[EventCountry "AZE"]
[SourceTitle "playchess.com"]
[Source "ChessBase"]
[SourceQuality "1"]

{[%evp 17,109,0,0,-8,-12,-21,-22,-45,-39,-58,-55,-57,-59,-51,-47,-66,-46,-60,-15,-16,-12,-12,-16,-14,0,-22,0,0,0,0,0,0,0,0,0,0,7,0,0,0,0,0,2,0,10,0,0,0,0,-3,8,8,6,0,8,8,67,67,67,67,91,67,91,91,91,91,82,79,79,0,0,0,0,0,0,0,0,0,0,0,0,0,0,0,0,0,0,0,0,0,0,0,0,0]} 1. e4 e5 2. Nf3 Nc6 3. Bb5 a6 4. Ba4 Nf6 5. Bxc6 dxc6 6. d3 Nd7 7. O-O Be7 8. Nbd2 f6 9. Nc4 {9.Nc4 is better than 9.Nh4.} Nc5 {9...Nf8 is vanishing.} 10. b4 {[#] C85: Closed Ruy Lopez: Deferred Exchange Variation.} Na4 $146 ({Predecessor:} 10... Ne6 11. Rb1 O-O 12. Nh4 Rf7 13. Kh1 Bf8 14. Nf5 Nd4 15. Nxd4 exd4 16. a3 b5 17. Na5 c5 {0-1 (26) Rousseau,J-Leveille,F Montreal 1983}) 11. Bd2 c5 12. a3 Be6 13. Na5 Rb8 14. Rb1 Qd7 15. Qe2 O-O 16. Rfd1 Rfd8 17. Be1 cxb4 18. axb4 c5 19. bxc5 Bxc5 20. Nb3 Qc7 (20... Bd6 {looks sharper.} 21. d4 Qc7 22. d5 Bd7 23. c4 b5) 21. d4 (21. Ra1 {is more complex.} b5 22. Nxc5 Qxc5 23. Ba5 Rdc8 24. d4) 21... exd4 (21... Bd6 {is interesting.} 22. dxe5 Bxe5 23. Rxd8+ Rxd8 24. Nxe5 fxe5 25. Ra1 Nc3) 22. Nfxd4 Bxb3 23. cxb3 {[#] Hoping for Qc4+.} Rxd4 24. Rxd4 Bxd4 25. bxa4 Qc6 26. Qd3 Ba7 27. a5 b5 28. axb6 Rxb6 29. Ra1 h6 30. g3 Qe6 31. Qd8+ Kh7 32. Qa8 Bb8 33. Rc1 f5 34. exf5 Qxf5 35. Bd2 Be5 36. Be3 Rb1 ({Black should try} 36... Re6 $11) 37. Qxa6 $14 Rxc1+ 38. Bxc1 Qf3 39. Be3 Bf6 40. Qd3+ Kh8 41. Qc2 Be5 42. Qg6 {[#] Black must now prevent Qe8+.} Bf6 43. Bxh6 (43. Qe8+ $16 Kh7 44. Qe6) 43... gxh6 {The position is equal.} 44. Qxh6+ Kg8 45. Qg6+ Kf8 46. h4 Ke7 47. Qh7+ Ke6 48. Qg8+ Ke7 49. Qc4 (49. Qb8 {seems wilder.} Qe4 50. Qa7+ Ke6 51. Qb6+ Kf5 52. Qb3) 49... Be5 50. Qf1 (50. Qc5+ {feels hotter.} Bd6 51. Qg5+ Ke6 52. Qg6+ Ke7 53. Qg7+) 50... Kd6 51. Qa6+ Ke7 52. Qb5 Kd6 53. Qb8+ Ke6 54. Qe8+ Kd6 55. Kf1 {Weighted Error Value: White=0.07/Black=0.07} 1/2-1/2

[Event "Azerbaijan Championship 2021"]
[Site "Nakhchivan"]
[Date "2021.05.06"]
[Round "3.3"]
[White "Garayev, Kanan"]
[Black "Mamedov, Nidjat"]
[Result "1/2-1/2"]
[WhiteElo "2331"]
[BlackElo "2609"]
[Annotator "TA"]
[PlyCount "30"]
[EventDate "2021.05.04"]
[EventType "tourn"]
[EventCountry "AZE"]
[SourceTitle "playchess.com"]
[Source "ChessBase"]
[SourceQuality "1"]

{[%evp 27,30,0,0,0,0]} 1. e4 e5 2. Nf3 Nc6 3. Bb5 Nf6 4. O-O Nxe4 5. d4 Nd6 6. dxe5 Nxb5 7. a4 Nbd4 8. Nxd4 Nxd4 9. Qxd4 d5 10. exd6 Qxd6 11. Qe4+ Qe6 12. Qd4 Qd6 13. Qe4+ Qe6 14. Qd4 Qd6 {[#]} 15. Qe4+ $146 {C67: Ruy Lopez: Berlin Defence: 4 0-0 Nxe4.} ({Predecessor:} 15. Qe3+ Be6 16. Nc3 Qc6 17. Nb5 Bc5 18. Qc3 O-O 19. Bf4 Rfc8 20. Nd4 Bxd4 21. Qxd4 Rd8 22. Qb4 a5 23. Qb5 Qxb5 24. axb5 {½-½ (32) Wei,Y (2732)-Grischuk,A (2777) Chess.com INT 2020}) 15... Qe6 {Not much happened in this game. Not enough moves} 1/2-1/2

[Event "Azerbaijan Championship 2021"]
[Site "Nakhchivan"]
[Date "2021.05.06"]
[Round "3.4"]
[White "Asadli, Vugar"]
[Black "Suleymanli, Aydin"]
[Result "1/2-1/2"]
[WhiteElo "2572"]
[BlackElo "2520"]
[Annotator "TA"]
[PlyCount "137"]
[EventDate "2021.05.04"]
[EventType "tourn"]
[EventCountry "AZE"]
[SourceTitle "playchess.com"]
[Source "ChessBase"]
[SourceQuality "1"]

{[%evp 9,137,-3,29,31,37,21,66,68,75,54,77,59,99,95,95,75,100,86,89,84,151,138,154,139,139,145,219,223,208,126,122,129,123,116,115,79,120,102,116,30,37,38,39,35,25,0,17,24,25,25,25,25,141,52,52,52,52,52,52,52,52,52,52,52,52,52,52,52,52,52,52,52,52,52,52,52,52,52,52,52,52,52,52,52,52,52,52,52,52,52,52,52,52,52,52,52,52,52,52,52,52,52,52,52,52,52,52,52,52,52,52,52,52,52,52,52,52,8,52,52,52,10,18,0,39,0,52,0,0,0]} 1. e4 c6 2. d4 d5 3. f3 e6 4. Nc3 Bb4 5. Bd2 Nf6 6. e5 {B12: Caro-Kann: Advance Variation.} Nfd7 {White should prevent ...Qh4+.} 7. f4 c5 8. Nb5 {White is slightly better.} Bxd2+ $1 9. Qxd2 O-O 10. c3 {[#]} b6 $146 ({Predecessor:} 10... Nc6 11. Nf3 b6 12. Nd6 a5 13. Bb5 Ne7 14. Qe2 Nb8 15. O-O Ba6 16. g4 Bxb5 17. Qxb5 {1-0 (38) Sargsyan,S (2596)-Marosi,L (2251) Tornelo INT 2020}) 11. Nf3 $36 {[%mdl 2048] Keeping Black busy.} Ba6 12. a4 {[%cal Ba2a4,Ba4b5][%mdl 32]} Nc6 13. Bd3 Qe7 14. O-O cxd4 ({Black should play} 14... g6) 15. cxd4 $16 ({But not} 15. Nbxd4 $6 Nxd4 16. cxd4 (16. Bxa6 Nb3 $17 {[%mdl 64] Double Attack}) (16. Nxd4 Bxd3 17. Qxd3 Nc5 $11) 16... Bxd3 $11) (15. Nfxd4 Nxd4 16. cxd4 (16. Nxd4 Bxd3 17. Qxd3 Nc5 $11) 16... Bxb5 $16) 15... Bxb5 16. axb5 ({Much less strong is} 16. Bxb5 $6 Rac8 $14) 16... Na5 17. Rae1 g6 (17... Nc4 $16 {was worth a try.} 18. Bxc4 dxc4) 18. g4 $18 f5 19. gxf5 gxf5 20. b4 Nb7 21. Rc1 Rfc8 22. Kh1 Kh8 23. Qf2 Nf8 {[#]} 24. Qg3 (24. Nh4 $1 $16) 24... Ng6 $11 25. h4 Rxc1 26. Rxc1 Rg8 $1 {White must now prevent ...Nxe5!} 27. Qg5 {Hoping for Qxe7.} Qf8 28. Rc7 Rg7 29. Rxg7 Qxg7 30. h5 Nf8 (30... Ne7 $1 $11) 31. Qh4 (31. h6 $16 {[%csl Gh6][%cal Rg5g7]} Qxg5 32. Nxg5) 31... h6 $14 32. Kh2 Qf7 33. Kg3 Kg8 34. Kf2 Kh8 35. Nd2 Kg8 36. Nf1 Kh7 37. Ne3 Kh8 38. Be2 Kg8 39. Bf3 Kh8 40. Ke1 Kh7 41. Kd2 Kh8 42. Be2 Kg8 43. Bd3 Kh8 44. Kc3 Qc7+ 45. Kb2 Qf7 46. Kb3 Kg8 47. Be2 Kh7 48. Nd1 Kh8 49. Nc3 Kh7 50. Kc2 Qg7 51. Bf3 {Nxd5! is the strong threat.} Qf7 $1 52. Kd3 Kh8 53. Ke3 Kh7 54. Ne2 Kh8 55. Nc1 Kh7 56. Nd3 Kg8 57. Be2 (57. Kd2 {is interesting.} Qg7 58. Be2 Qc7 59. Nf2 Qg7 60. Nd1) 57... Qg7 58. Qe1 Nd8 59. Qc3 Qd7 60. Nf2 Kh8 61. Nh1 Kh7 62. Ng3 Qg7 63. Kf3 Qd7 64. Bd3 Kh8 65. Qc2 Kg8 66. Ke2 Kh8 67. Nf1 Kg7 (67... Qe8 $11) 68. Kd2 (68. Qc3 $14) 68... Qe7 $11 69. Ke3 {Black defended with fortune.  Weighted Error Value: White=0.06/Black=0.10} 1/2-1/2

[Event "Azerbaijan Championship 2021"]
[Site "Nakhchivan"]
[Date "2021.05.06"]
[Round "3.5"]
[White "Sevdimaliyev, Urfan"]
[Black "Abasov, Nijat"]
[Result "0-1"]
[WhiteElo "2369"]
[BlackElo "2665"]
[Annotator "TA"]
[PlyCount "102"]
[EventDate "2021.05.04"]
[EventType "tourn"]
[EventCountry "AZE"]
[SourceTitle "playchess.com"]
[Source "ChessBase"]
[SourceQuality "1"]

{[%evp 18,102,19,0,0,-13,0,-16,0,0,0,0,0,0,0,0,0,0,0,0,0,-24,-12,-19,-14,-13,-33,-33,-34,-32,-21,-5,-6,-47,-49,-79,-77,-83,-82,-101,-97,-151,-156,-152,-148,-138,-89,-96,-82,-85,-85,-97,-88,-137,-137,-137,-137,-139,-130,-280,-266,-327,-480,-572,-499,-454,-414,-329,-32,-602,-602,-602,-602,-602,-595,-588,-588,-584,-656,-583,-583,-29977,-29978,-29977,-29978,-29978,-29975]} 1. e4 c5 2. Nf3 d6 3. d4 cxd4 4. Nxd4 Nf6 5. Nc3 a6 6. Be3 e5 7. Nb3 Be6 8. f4 exf4 9. Bxf4 Nc6 10. Qe2 Rc8 {B90: Sicilian Najdorf: Unusual White 6th moves, 6 Be3 Ng4 and 6 Be3 e5.} 11. h3 Nb4 12. O-O-O {[#]} Nxa2+ {[%mdl 64] Remove Defender. The position is equal.} 13. Nxa2 Bxb3 14. Nc3 Be6 {White must now prevent ...Qa5.} 15. e5 Nd7 16. exd6 Qa5 {[#]} 17. Qe4 $146 ({Predecessor:} 17. Qf3 g5 18. Be3 Rxc3 19. bxc3 Bxd6 20. Rxd6 Qa3+ 21. Kd1 Qxd6+ 22. Bd4 O-O 23. Bd3 {1-0 (30) Popov,I (2614)-Oparin,G (2490) Moscow 2012}) 17... g6 18. Qd4 (18. Qxb7 Rb8 $17) 18... Rg8 {aiming for ...g5.} 19. Qa4 (19. Nd5 $5 {[%cal Rd5c7]} Qa1+ 20. Kd2 Qa5+ {[%mdl 64] Double Attack} 21. Kc1 Bxd5 22. Qxd5 Qa1+ 23. Kd2 Qxb2 24. Bd3 Qb4+ 25. Ke3 $11) 19... Qxa4 20. Nxa4 Bg7 21. Be2 b5 22. Nc3 Bxc3 23. bxc3 Rxc3 24. Kb2 Rc6 25. Bf3 Rc4 26. Bg5 h6 $1 {[%cal Rh6g5]} 27. Bxh6 g5 $1 28. h4 gxh4 29. Be3 (29. Rhe1 $142) 29... Ne5 $17 30. d7+ Bxd7 31. Bd5 Be6 {...Rgg4 is the strong threat.} 32. Bd4 Bxd5 33. Bxe5 {[#]} Ke7 $1 34. Rxd5 {Hoping for Re1.} Ke6 $1 {[%cal Re6d5]} 35. Rd4 {Threatens to win with Rxc4.} Kxe5 36. Rxc4 bxc4 37. Rxh4 Rxg2 38. Rxc4 {[%mdl 4096] Endgame KR-KR} (38. Kc3 $17 {was forced.}) 38... Rg6 $1 $19 39. Kc3 Rd6 $1 40. Rc8 f5 41. Re8+ Kf4 42. Kb4 Rg6 $2 (42... Kg5 $19 {And now ...f4 would win.} 43. Kc5 Rf6 44. Rg8+ Rg6) 43. Rf8 $2 {[%mdl 8192]} (43. c4 $15) 43... Ke4 44. c4 f4 45. c5 f3 46. Kc4 Ke3 47. Kd5 {[#]} f2 $1 48. c6 {[#]} Rg8 $3 {[%cal Rg8f8][%mdl 512]} 49. Rf6 (49. Rxg8 f1=Q) 49... Ke2 {Black mates.} 50. Re6+ Kf3 51. Rf6+ Kg2 {Weighted Error Value: White=0.49/Black=0.14} 0-1